[Event "Fagernes op-A"]
[Site "Fagernes"]
[Date "2023.04.06"]
[Round "6"]
[White "Rosol, Philip"]
[Black "Manmay, Chopra"]
[Result "1/2-1/2"]
[WhiteElo "2001"]
[BlackElo "2113"]
[PlyCount "99"]
[EventDate "2023.04.02"]
[EventType "swiss"]
[EventRounds "9"]
[EventCountry "NOR"]
[SourceTitle "CBM 213 Extra"]
[Source "ChessBase"]
[SourceDate "2023.05.31"]
[SourceVersion "1"]
[SourceVersionDate "2023.05.31"]
[SourceQuality "1"]

1. d4 Nf6 2. c4 e6 3. Nf3 Nc6 4. a3 d6 5. Nc3 g6 6. e4 Bg7 7. Be2 0-0 8. 0-0 Re8 9. h3 e5 10. d5 Nd4 11. Be3 Nxe2+ 12. Qxe2 Nd7 13. b4 f5 14. Rfc1 f4 15. Bd2 b6 16. Na4 Bf8 17. Rc3 g5 18. Nh2 Nf6 19. c5 h5 20. Rac1 Qd7 21. Nb2 dxc5 22. bxc5 Bxc5 23. Rxc5 bxc5 24. Rxc5 Rb8 25. Ba5 Rb7 26. Rc6 Qg7 27. Qc2 g4 28. hxg4 hxg4 29. d6 Bd7 30. Rxc7 Rxc7 31. dxc7 Qg6 32. Qb3+ Kg7 33. Nc4 Nxe4 34. Qd3 Bc8 35. Qd8 Qe6 36. Nxg4 Qxc4 37. Qxe8 Bxg4 38. Qxe5+ Kg6 39. Qe8+ Kg5 40. Qe5+ Bf5 41. Qg7+ Kh5 42. Qe5 Qc1+ 43. Kh2 Kg6 44. Qe8+ Kf6 45. c8Q Qxc8 46. Bd8+ Kg7 47. Qe7+ Kg8 48. Qe8+ Kg7 49. Qe7+ Kg8 50. Qe8+ 1/2-1/2

[Event "Fagernes op-A"]
[Site "Fagernes"]
[Date "2023.04.02"]
[Round "1"]
[White "Dotzer, Lukas"]
[Black "Manmay, Chopra"]
[Result "1-0"]
[WhiteElo "2416"]
[BlackElo "2113"]
[PlyCount "89"]
[EventDate "2023.04.02"]
[EventType "swiss"]
[EventRounds "9"]
[EventCountry "NOR"]
[SourceTitle "CBM 213 Extra"]
[Source "ChessBase"]
[SourceDate "2023.05.31"]
[SourceVersion "1"]
[SourceVersionDate "2023.05.31"]
[SourceQuality "1"]

1. e4 e5 2. Nf3 Nc6 3. Bb5 a6 4. Ba4 Nf6 5. 0-0 Be7 6. Re1 b5 7. Bb3 0-0 8. a4 Rb8 9. d3 Bc5 10. Nbd2 Ng4 11. Re2 d6 12. h3 Nh6 13. c3 Kh8 14. Nf1 f5 15. d4 fxe4 16. Rxe4 d5 17. Bg5 Be7 18. Bxe7 Nxe7 19. Rxe5 c6 20. axb5 axb5 21. Bc2 Qd6 22. Ra7 Bd7 23. Ng3 Rbe8 24. Qd3 Nhf5 25. Rxd7 Qxd7 26. Nxf5 Nxf5 27. Rxf5 Qxf5 28. Qxf5 Rxf5 29. Bxf5 Re2 30. b4 g6 31. Bd7 Rc2 32. Bxc6 Rxc3 33. Bxb5 Rb3 34. Bc6 Rxb4 35. Bxd5 Kg7 36. Kh2 Kf6 37. h4 Rb2 38. Kg3 h6 39. Be4 g5 40. hxg5+ hxg5 41. Ne5 Rb4 42. Nc6 Rc4 43. f4 gxf4+ 44. Kxf4 Rc1 45. g4 1-0

[Event "Biel ATO 55th"]
[Site "Biel"]
[Date "2022.??.??"]
[Round "5"]
[White "Manmay, Chopra"]
[Black "Hari, Charan Sai Kalluri"]
[Result "0-1"]
[WhiteElo "1934"]
[BlackElo "2041"]
[PlyCount "179"]
[EventDate "2022.07.13"]
[EventType "swiss"]
[EventRounds "9"]
[EventCountry "SUI"]
[SourceTitle "EXT 2024"]
[Source "ChessBase"]
[SourceDate "2023.10.10"]
[SourceVersion "1"]
[SourceVersionDate "2023.10.10"]
[SourceQuality "1"]

1. e4 c5 2. Nf3 d6 3. d4 cxd4 4. Qxd4 Nc6 5. Bb5 Bd7 6. Bxc6 Bxc6 7. Nc3 Nf6 8. Bg5 e5 9. Qd3 Be7 10. 0-0-0 Qb6 11. Rhf1 0-0-0 12. Bxf6 Bxf6 13. Kb1 Rhe8 14. Nd2 Re6 15. Nc4 Qc5 16. Ne3 a5 17. a4 g6 18. Ned5 Bg7 19. g4 Kb8 20. h4 h6 21. Qf3 Be8 22. Qe3 Rc8 23. Nb6 Rc6 24. Qxc5 Rxc5 25. Ncd5 Bf6 26. Rh1 Bd8 27. g5 hxg5 28. hxg5 Ka7 29. b4 axb4 30. a5 Rxa5 31. Nc4 Rc5 32. Nb2 Bxg5 33. Nxb4 Bb5 34. Rh3 Kb8 35. Rh8+ Ka7 36. Rh3 Rf6 37. Ra3+ Kb8 38. Rg1 Bd2 39. N4d3 Bxd3 40. Nxd3 Rc4 41. Rg4 Re6 42. Rb3 Re8 43. Rh4 Rec8 44. Rh7 R8c7 45. Rh8+ Ka7 46. f3 Rc3 47. Rb2 Rc8 48. Rh7 R3c7 49. Rh2 Bc3 50. Rb5 Rc6 51. Kc1 Ra6 52. Kd1 Ra1+ 53. Ke2 Bd4 54. Nb4 Rc3 55. Rh7 Re3+ 56. Kd2 Rxf3 57. Nd3 Rg1 58. Rh2 Rfg3 59. Rd5 R1g2+ 60. Rxg2 Rxg2+ 61. Kd1 Bc5 62. Nxc5 dxc5 63. Rxe5 Kb6 64. Re7 Rf2 65. e5 g5 66. e6 fxe6 67. Rxe6+ Kb5 68. Rg6 Rf5 69. Kc1 Ka5 70. Kb2 b5 71. Kb3 Rf3+ 72. Kb2 Rg3 73. c3 Rg2+ 74. Ka3 Rg3 75. Kb2 c4 76. Rg8 Rg2+ 77. Ka3 Rc2 78. Ra8+ Kb6 79. Rb8+ Kc6 80. Rc8+ Kb7 81. Rg8 Rxc3+ 82. Kb4 Rb3+ 83. Kc5 c3 84. Rg7+ Kb8 85. Kb6 Kc8 86. Rxg5 Kd7 87. Rd5+ Ke6 88. Rc5 Kd6 89. Rh5 b4 90. Kb5 0-1

[Event "UK Challenge Terafinal U14"]
[Site "Blenheim"]
[Date "2021.10.10"]
[Round "9"]
[White "Makkar, Rajat"]
[Black "Manmay, Chopra"]
[Result "1-0"]
[WhiteElo "1950"]
[BlackElo "1276"]
[PlyCount "131"]
[EventDate "2021.10.09"]
[EventType "tourn (rapid)"]
[EventRounds "11"]
[EventCountry "ENG"]
[SourceTitle "EXT 2023"]
[Source "ChessBase"]
[SourceDate "2022.10.05"]
[SourceVersion "1"]
[SourceVersionDate "2022.10.05"]
[SourceQuality "1"]

1. d4 Nf6 2. Nc3 d5 3. Bf4 a6 4. e3 c5 5. Nf3 Nc6 6. Bd3 Bg4 7. Be2 e6 8. 0-0 h6 9. h3 Bxf3 10. Bxf3 Bd6 11. dxc5 Bxf4 12. exf4 Qa5 13. f5 0-0 14. fxe6 fxe6 15. Re1 Rae8 16. Qd3 Qxc5 17. Rad1 b5 18. a3 Qd6 19. Ne4 Nxe4 20. Bxe4 Kh8 21. Bg6 Re7 22. Bh5 Qf4 23. Qd2 Qf6 24. b3 Kh7 25. Qe3 g6 26. Bf3 Rfe8 27. c4 bxc4 28. bxc4 Na5 29. cxd5 exd5 30. Qd2 Nc4 31. Rxe7+ Rxe7 32. Qb4 Rd7 33. Bxd5 Nb6 34. Bf3 Rxd1+ 35. Bxd1 Qa1 36. Qb3 Nc4 37. Kh2 Qe5+ 38. g3 Qb2 39. Qxb2 Nxb2 40. Be2 a5 41. Bb5 Nd1 42. Kg2 Nc3 43. Bc6 a4 44. Kf3 Nb1 45. Bb5 Nc3 46. Bc4 Kg7 47. Ke3 Kf6 48. Kd4 Nd1 49. f3 g5 50. Be2 Nf2 51. Ke3 Nxh3 52. Bb5 g4 53. Bd7 h5 54. fxg4 hxg4 55. Bxg4 Ng5 56. Bd1 Nf7 57. Bxa4 Nd6 58. Bc2 Nc4+ 59. Kf4 Nb6 60. Bb3 Nd7 61. a4 Ne5 62. a5 Nd3+ 63. Ke3 Nc5 64. Bc4 Na4 65. a6 Nb6 66. Kd4 1-0

[Event "UK Challenge Terafinal U14"]
[Site "Blenheim"]
[Date "2021.10.09"]
[Round "2"]
[White "Manmay, Chopra"]
[Black "Dias, Savin"]
[Result "1/2-1/2"]
[WhiteElo "1276"]
[BlackElo "1699"]
[PlyCount "82"]
[EventDate "2021.10.09"]
[EventType "tourn (rapid)"]
[EventRounds "11"]
[EventCountry "ENG"]
[SourceTitle "EXT 2023"]
[Source "ChessBase"]
[SourceDate "2022.10.05"]
[SourceVersion "1"]
[SourceVersionDate "2022.10.05"]
[SourceQuality "1"]

1. d4 Nf6 2. c4 g6 3. g3 Bg7 4. Bg2 d6 5. Nc3 0-0 6. Nf3 Nbd7 7. b3 e5 8. Bb2 Ne8 9. 0-0 f5 10. dxe5 dxe5 11. e4 c6 12. Re1 Qc7 13. Ba3 Rf6 14. Qc2 b6 15. Rad1 Bb7 16. Bh3 c5 17. Nh4 Nd6 18. exf5 g5 19. Ng2 e4 20. Nd5 Bxd5 21. Rxd5 Rh6 22. f6 Nxf6 23. Be6+ Kh8 24. Rxg5 Qe7 25. Nf4 Nd7 26. Rxg7 Qxg7 27. Bxd7 Qxd7 28. Bb2+ Kg8 29. Qc3 Ne8 30. Rxe4 Nf6 31. Nd5 Rf8 32. Rf4 Qh3 33. Nxf6+ Rfxf6 34. Rxf6 Qxh2+ 35. Kf1 Qh1+ 36. Ke2 Qe4+ 37. Kd2 Rh1 38. Rg6+ Qxg6 39. Qe5 Qh6+ 40. Kc2 Qg6+ 41. Kd2 Qh6+ 1/2-1/2

[Event "Barcelona Ciutat op-B"]
[Site "Barcelona"]
[Date "2021.08.25"]
[Round "8"]
[White "Garcia Gallardo, Victor"]
[Black "Manmay, Chopra"]
[Result "0-1"]
[WhiteElo "1844"]
[BlackElo "1610"]
[PlyCount "88"]
[EventDate "2021.08.18"]
[EventType "swiss"]
[EventRounds "9"]
[EventCountry "ESP"]
[SourceTitle "EXT 2022"]
[Source "ChessBase"]
[SourceDate "2021.10.06"]
[SourceVersion "1"]
[SourceVersionDate "2021.10.06"]
[SourceQuality "1"]

1. d4 Nf6 2. c4 g6 3. Nc3 Bg7 4. e4 d6 5. Nf3 0-0 6. Be2 Nbd7 7. h3 e5 8. d5 Nc5 9. Qc2 a5 10. g4 Ne8 11. Bg5 f6 12. Bh4 Qd7 13. Nd2 f5 14. f3 Bh6 15. 0-0-0 Bxd2+ 16. Qxd2 f4 17. Bf2 b6 18. h4 Qf7 19. Qc2 Bd7 20. b3 h6 21. Kd2 Ng7 22. Ra1 g5 23. h5 Rfb8 24. Rab1 Ne8 25. Qb2 Nf6 26. Bd1 Qe8 27. a3 b5 28. cxb5 Bxb5 29. Bxc5 dxc5 30. Nxb5 Qxb5 31. Qxe5 Qb6 32. Be2 Qd6 33. Qe6+ Kg7 34. Qxd6 cxd6 35. Rhc1 Nd7 36. Kc3 Ra7 37. b4 axb4+ 38. axb4 Ra3+ 39. Kd2 Kf6 40. bxc5 Rxb1 41. Rxb1 Nxc5 42. Rb8 Ke5 43. Rb4 Nb3+ 44. Kd1 Nd4 0-1

[Event "Barcelona Ciutat op-B"]
[Site "Barcelona"]
[Date "2021.08.23"]
[Round "6"]
[White "Castro Quijano, Eduardo"]
[Black "Manmay, Chopra"]
[Result "0-1"]
[WhiteElo "1950"]
[BlackElo "1610"]
[PlyCount "84"]
[EventDate "2021.08.18"]
[EventType "swiss"]
[EventRounds "9"]
[EventCountry "ESP"]
[SourceTitle "EXT 2022"]
[Source "ChessBase"]
[SourceDate "2021.10.06"]
[SourceVersion "1"]
[SourceVersionDate "2021.10.06"]
[SourceQuality "1"]

1. e4 e6 2. d3 d5 3. Nd2 Nf6 4. Ngf3 c5 5. g3 Nc6 6. Bg2 Be7 7. 0-0 Qc7 8. Re1 b6 9. c3 Bb7 10. h4 h6 11. a3 dxe4 12. dxe4 0-0-0 13. b4 Ne5 14. Nxe5 Qxe5 15. Qc2 Qc7 16. b5 g5 17. hxg5 hxg5 18. Nc4 Ng4 19. a4 Ne5 20. Nxe5 Qxe5 21. a5 Qd6 22. axb6 axb6 23. Ra7 e5 24. Qa2 Qe6 25. c4 Kc7 26. Qa6 Rb8 27. Bb2 f6 28. Bc3 Kc8 29. Qa2 Kc7 30. Qe2 Ra8 31. Rxa8 Rxa8 32. Rd1 Rd8 33. Bf3 Rxd1+ 34. Qxd1 Qxc4 35. Bg4 Qxc3 36. Qd7+ Kb8 37. Qxe7 Qe1+ 38. Kg2 Qxe4+ 39. f3 Qxg4 40. Qxf6 Qxf3+ 41. Qxf3 Bxf3+ 42. Kxf3 c4 0-1

[Event "London Chess Classic: Blitz C"]
[Site "London"]
[Date "2019.12.08"]
[Round "9"]
[White "Yeo, Klaus Lucas"]
[Black "Manmay, Chopra"]
[Result "0-1"]
[WhiteElo "1041"]
[BlackElo "1268"]
[PlyCount "84"]
[EventDate "2019.12.08"]
[EventType "swiss (blitz)"]
[EventRounds "11"]
[EventCountry "ENG"]
[SourceTitle "EXT 2021"]
[Source "ChessBase"]
[SourceDate "2020.10.23"]
[SourceVersion "1"]
[SourceVersionDate "2020.10.23"]
[SourceQuality "1"]

1. e4 e6 2. d4 d5 3. e5 c5 4. c3 Nc6 5. Nf3 Nge7 6. Be3 Nf5 7. Bd3 Nxe3 8. fxe3 Qb6 9. Qc1 c4 10. Bc2 Qd8 11. 0-0 Be7 12. Nbd2 g5 13. h3 h5 14. Nh2 Rg8 15. g4 hxg4 16. Nxg4 Rh8 17. Kg2 Bd7 18. Rf2 Qc7 19. Qf1 Rf8 20. Nf6+ Bxf6 21. Rxf6 Ne7 22. Nf3 Rg8 23. Kh2 Nf5 24. Bxf5 exf5 25. Nd2 Be6 26. Qe2 0-0-0 27. Rg1 g4 28. hxg4 Rh8+ 29. Kg3 Rdg8 30. Kf4 Rh4 31. Kf3 Rhxg4 32. Rxg4 fxg4+ 33. Kf2 g3+ 34. Kg2 Qd7 35. Nf1 Bh3+ 36. Kg1 Be6 37. Qe1 Bh3 38. Rf3 Bxf1 39. Qxf1 g2 40. Qf2 Qg4 41. Rxf7 Qd1+ 42. Kh2 Qh1# 0-1